Central Library OPAC University of Rajshahi

كتاب الامالي : فيها مراث واشعار اخرى واخبار ولغة وغيرها = Kitābul-Amālī : fīhā mirāth wa-ashʻār ukhrá wa-akhbar wa-lughah wa-ghayruhā / (Record no. 79484)

MARC details
000 -LEADER
fixed length control field 01083naa a2200217 a 4500
001 - CONTROL NUMBER
control field 79484)
003 - CONTROL NUMBER IDENTIFIER
rucl marc code BD-RjUL
005 - DATE AND TIME OF LATEST TRANSACTION
control field 20220303144534.0
008 - FIXED-LENGTH DATA ELEMENTS--GENERAL INFORMATION
fixed length control field 220303s19481367ii ||||| |||| 00| 0 ar d
035 ## - SYSTEM CONTROL NUMBER
System control number (BD-RjUL)79484)
040 ## - CATALOGING SOURCE
Original cataloging agency BD-RjUL
Language of cataloging eng
Transcribing agency BD-RjUL
041 ## - LANGUAGE CODE
Language code of text/sound track or separate title ara
082 ## - DEWEY DECIMAL CLASSIFICATION NUMBER
Edition number 23
Classification number 892.71
Author mark and year YAK 1948
100 1# - MAIN ENTRY--PERSONAL NAME
Personal name يزيدي، محمد بن العباس،;; al-Yazīdī, Muḥammad ibn al-ʻAbbās
Dates associated with a name 310ah=922ad
9 (RLIN) 1665
245 10 - TITLE STATEMENT
Title كتاب الامالي : فيها مراث واشعار اخرى واخبار ولغة وغيرها = Kitābul-Amālī : fīhā mirāth wa-ashʻār ukhrá wa-akhbar wa-lughah wa-ghayruhā /
Statement of responsibility, etc. عن ابي عبدالله محمد بن العباس بن محمد بن ابي محمد يحيى بن المبارك اليزيدي = Abu ʻAbdullāh Muḥammad B. al-ʻAbbās ibn Muḥammad ibn Abī Muḥammad Yaḥyá ibn al-Mubārak al-Yazīdī.
264 ## - PRODUCTION, PUBLICATION, DISTRIBUTION, MANUFACTURE, AND COPYRIGHT NOTICE
Place of production, publication, distribution, manufacture Hyderabad :
Name of producer, publisher, distributor, manufacturer the dairatu'l - Ma'arifil - Osmania,
Date of production, publication, distribution, manufacture, or copyright notice 1948
300 ## - PHYSICAL DESCRIPTION
Pagination 158 +14 p. ;
Size 23 cm
500 ## - GENERAL NOTE
General note Includes Index
650 ## - SUBJECT ADDED ENTRY--TOPICAL TERM
Topical term or geographic name as entry element Arabic literature.
942 ## - ADDED ENTRY ELEMENTS (KOHA)
Source of classification or shelving scheme Dewey Decimal Classification
Koha item type Books
Holdings
Lost status Source of classification or shelving scheme Damaged status Not for loan Collection code Permanent Location Current Location Shelving location Date acquired Source of acquisition Cost, normal purchase price Total Checkouts Full call number Date last seen Copy number Koha item type
  Dewey Decimal Classification   Not For Loan Non-fiction Central Library, University of Rajshahi Central Library, University of Rajshahi Reading Room 04/05/1967 Maktabat - i -Ishaqiah 5.56   A 892.71 YAK 1948 03/03/2022 C-1 Books